| 000 | 01030nam a2200265 a 4500 | ||
|---|---|---|---|
| 003 | CBULib | ||
| 005 | 20240430080928.0 | ||
| 008 | 060424s2003 ||||||||||||||||| || u | ||
| 020 | _a9211168686 | ||
| 040 |
_aCBULib _bEnglish _cCBULib _dCBULib _erda |
||
| 050 | _aUN-ECE(02)2003/1 | ||
| 110 | _aUnited Nations Economic Commission for Europe (UNECE) | ||
| 245 | 1 | 0 |
_aTowards a knowledge-based economy, Tajikistan : country readiness assessment report. _c/by United Nations Economic Commission for Europe (UN-ECE) |
| 260 |
_aNew York : _bUNITED NATIONS _c2003 |
||
| 300 | _aviii, 59 pages | ||
| 336 |
_2rdacontent _aText | |
||
| 337 |
_2rdamedia _aUnmediated | |
||
| 338 |
_2rdacarrier _aVolume |
||
| 650 | 0 |
_aELECTRONIC COMMERCE--TAJIKISTAN _92907 |
|
| 650 | _aINFORMATION TECHNOLOGY--ECONOMIC ASPECTS--TAJIKISTAN | ||
| 650 | _aKNOWLEDGE MANAGEMENT--TAJIKISTAN | ||
| 856 | _uhttp://www.unece.org/ie/enterp/documents/coverpagatajik.pdf | ||
| 942 |
_2mc _c029 |
||
| 999 |
_c60048 _d60048 |
||